| 000 | 01339nam a2200277Ia 4500 | ||
|---|---|---|---|
| 999 |
_c52344 _d52344 |
||
| 001 | 19362 | ||
| 003 | GE_BSU | ||
| 005 | 20221205092234.0 | ||
| 008 | 181216s1999||||ge |||||||||||||| ||geo|| | ||
| 020 | _a9992836709 | ||
| 040 | _cGE_BSU | ||
| 041 | _ageo | ||
| 080 | _a693 შ-49 | ||
| 245 |
_aშენობა-ნაგებობების აგების ტექნოლოგია : _bნაწილი 1 / _c თ. ჟორდანია, შ. ბაქანიძე, ვ. ლოლაძე და სხვ. ; სტუ. |
||
| 264 |
_aთბილისი : _bსაქართველოს ტექნიკური უნ-ტი, _c1999. |
||
| 300 |
_a79 გვ.; _b24 სმ. |
||
| 504 | _aბიბლიოგრ.: გვ.78. | ||
| 653 | _aინჟინერია | ||
| 653 | _aშენობა-ნაგებობების აგება | ||
| 653 | _aშენობა-ნაგებობების აგება. | ||
| 700 |
_aჟორდანია, თ. _e ავტორი _916329 |
||
| 700 |
_a ბაქანიძე, შ., _eავტორი. _91607 |
||
| 700 |
_a ლოლაძე, ვ., _eავტორი. _91610 |
||
| 710 |
_aსაქართველოს ტექნიკური უნივერსიტეტი. _916330 |
||
| 942 |
_cBK _2udc |
||